[Event "Ceriano Laghetto op-C 23rd"]
[Site "Ceriano Laghetto"]
[Date "2014.03.14"]
[Round "1"]
[White "Franchetti Pardo, Niccolo"]
[Black "Rosini, Luca Ungaro"]
[Result "0-1"]
[WhiteElo "1478"]
[BlackElo "1579"]
[PlyCount "118"]
[EventDate "2014.03.14"]
[EventType "swiss"]
[EventRounds "5"]
[EventCountry "ITA"]
[SourceTitle "EXT 2024"]
[Source "ChessBase"]
[SourceDate "2023.10.10"]
[SourceVersion "1"]
[SourceVersionDate "2023.10.10"]
[SourceQuality "1"]

1. d4 Nf6 2. Nd2 d5 3. Ngf3 e6 4. a3 c5 5. e3 Nc6 6. Bd3 cxd4 7. Nxd4 Nxd4 8. exd4 Bd6 9. Nf3 0-0 10. 0-0 Bd7 11. c3 Qa5 12. Qe2 Rfe8 13. Ne5 Bc6 14. Bf4 Qc7 15. Bg5 Ne4 16. Bxe4 dxe4 17. Nxc6 Qxc6 18. Rae1 f5 19. f3 h6 20. Bd2 exf3 21. Rxf3 Re7 22. Rh3 Qe8 23. Re3 Kf7 24. Qh5+ Kf6 25. Qh4+ Kf7 26. Rh3 Qg8 27. Rf3 Ke8 28. Bf4 Bxf4 29. Qxf4 g5 30. Qd6 Rd8 31. Qc5 Kf7 32. Qxa7 g4 33. Rf4 Qg5 34. g3 h5 35. Qa5 Rde8 36. Qe5 h4 37. Ref1 Kg6 38. Qe1 hxg3 39. Qxg3 Rh8 40. Kg2 Rh3 41. Qe1 Qh6 42. Kg1 Rxh2 43. Qg3 Rh1+ 44. Kg2 Rh7 45. Rxg4+ Kf7 46. Qc7+ Kf6 47. Qe5+ Kf7 48. Qc7+ Kf8 49. Qd6+ Re7 50. Rxh1 Qd2+ 51. Kg3 Qe3+ 52. Kg2 Qe2+ 53. Kg3 Qxg4+ 54. Kf2 Qg7 55. Qd8+ Kf7 56. Rg1 Qf8 57. Qd6 Qh6 58. Qe5 Qd2+ 59. Kf3 Qd3+ 0-1

[Event "Omegna op 1st"]
[Site "Omegna"]
[Date "2013.07.05"]
[Round "2"]
[White "Maffeo, Mauro"]
[Black "Franchetti Pardo, Niccolo"]
[Result "1-0"]
[WhiteElo "1724"]
[BlackElo "1514"]
[PlyCount "75"]
[EventDate "2013.07.04"]
[EventType "swiss"]
[EventRounds "6"]
[EventCountry "ITA"]
[SourceTitle "EXT 2014"]
[Source "ChessBase"]
[SourceDate "2013.11.20"]
[SourceVersion "1"]
[SourceVersionDate "2013.11.20"]
[SourceQuality "1"]

1. d4 d5 2. f4 Bf5 3. Nf3 Nc6 4. a3 e6 5. e3 Nf6 6. Bd3 Bg4 7. 0-0 Be7 8. Nbd2 0-0 9. b3 b5 10. Bb2 a6 11. Qe1 Nh5 12. Ne5 Nxe5 13. fxe5 f6 14. h3 Bf5 15. Bxf5 exf5 16. Rxf5 g6 17. Rf3 Ng7 18. Qg3 Ne6 19. Qh2 c5 20. Raf1 cxd4 21. exd4 f5 22. h4 Bxh4 23. Rh3 g5 24. g3 g4 25. Rxh4 Ra7 26. Rh5 f4 27. gxf4 g3 28. Qh4 Qxh4 29. Rxh4 Rg7 30. f5 Ng5 31. Kg2 a5 32. Rg4 h5 33. Rxg3 h4 34. Rg4 h3+ 35. Kg3 Kh7 36. f6 Rg6 37. Rh1 Kh6 38. Rh4# 1-0

[Event "Lesa op 1st"]
[Site "Lesa"]
[Date "2012.10.13"]
[Round "2"]
[White "Turini, Gianluca"]
[Black "Franchetti Pardo, Niccolo"]
[Result "1-0"]
[WhiteElo "1839"]
[BlackElo "1538"]
[PlyCount "75"]
[EventDate "2012.10.12"]
[EventType "swiss"]
[EventRounds "5"]
[EventCountry "ITA"]
[SourceTitle "EXT 2015"]
[Source "ChessBase"]
[SourceDate "2014.11.20"]
[SourceVersion "1"]
[SourceVersionDate "2014.11.20"]
[SourceQuality "1"]

1. d4 Nf6 2. c4 e5 3. dxe5 Ng4 4. Bf4 Nc6 5. Nf3 Bb4+ 6. Nbd2 Qe7 7. a3 Ncxe5 8. Nxe5 Nxe5 9. e3 Bxd2+ 10. Qxd2 d6 11. Be2 Ng4 12. h3 Ne5 13. 0-0 Be6 14. Qc3 Qf6 15. Rac1 g5 16. Bg3 Nd7 17. Qxf6 Nxf6 18. Bf3 0-0-0 19. c5 dxc5 20. Rxc5 Ne8 21. Rfc1 c6 22. b4 Rg8 23. b5 Nd6 24. bxc6 b6 25. c7 Rd7 26. R5c2 g4 27. Bxg4 Bxg4 28. hxg4 Rxg4 29. Rd1 Rg6 30. e4 Rxc7 31. Rcd2 Nxe4 32. Rd8+ Kb7 33. Bxc7 Kxc7 34. R8d7+ Kc6 35. Rxf7 Rf6 36. Rxa7 Rxf2 37. Ra4 Rd2 38. Rc1+ 1-0

[Event "Recco op-B 4th"]
[Site "Recco"]
[Date "2011.03.28"]
[Round "4"]
[White "Franchetti Pardo, Niccolo"]
[Black "Nanni, Sergio"]
[Result "0-1"]
[WhiteElo "1467"]
[BlackElo "1700"]
[PlyCount "43"]
[EventDate "2010.11.26"]
[EventType "swiss"]
[EventRounds "5"]
[EventCountry "ITA"]
[SourceTitle "EXT 2023"]
[Source "ChessBase"]
[SourceDate "2022.10.05"]
[SourceVersion "1"]
[SourceVersionDate "2022.10.05"]
[SourceQuality "1"]

1. d4 Nf6 2. Bg5 e6 3. c4 Be7 4. Nc3 d5 5. e3 0-0 6. Nf3 a6 7. cxd5 exd5 8. Bd3 Nbd7 9. 0-0 h6 10. Bf4 b5 11. Rc1 c5 12. dxc5 Bxc5 13. Bb1 Bb7 14. Ne2 Rc8 15. Ned4 Ne4 16. Bxe4 dxe4 17. Ne5 Nxe5 18. Bxe5 Qd5 19. Qh5 f6 20. Nf5 Qxe5 21. Nxh6+ Kh7 22. Ng4+ 0-1